Capitals of countries 205 to 242 - Statistics

General Stats
  • This quiz has been taken 548 times
    525 since last reset
  • The average score is 19 of 39
Answer Stats
Country / Territory Capital % Correct
Cayman Islands (UK) G{eorge} Town
82%
Hong Kong (CHN) Hong Kong
82%
Macau (CHN) Macau
78%
Gibraltar (UK) Gibraltar
77%
Puerto Rico (US) San Juan
75%
French Guiana (FR) C{ayenne}
71%
Saint Pierre and Miquelon (FR) Saint P{ierre}
69%
St Helena, Ascension and Tristan da Cunha (UK) J{ames}town
68%
Réunion (FR) Saint-D{enis}
66%
Guadeloupe (FR) B{asse}-T{erre}
63%
Martinique (FR) F{ort}-de-F{rance}
62%
American Samoa (US) P{ago} P{ago}
61%
French Polynesia (FR) P{apeete}
58%
Cocos Islands (AUS) W{est} Island
54%
Bermuda (UK) H{amilton}
53%
Falkland Islands (UK) S{tanley}
53%
Isle of Man (UK) D{ouglas}
49%
New Caledonia (FR) N{ouméa}
49%
Anguilla (UK) The V{alley}
48%
Pitcairn Island (UK) A{dams}town
47%
Svalbard (NOR) L{ongyearbyen}
44%
Virgin Islands (UK) R{oad} Town
42%
Christmas Islands (AUS) F{lying} F{ish} Cove or The S{ettlement}
39%
Guernsey (UK) Saint P{eter} P{ort}
38%
US Virgin Islands (US) C{harlotte} A{malie}
36%
Norfolk Island (AUS) K{ingston}
36%
Jersey (UK) Saint H{elier}
36%
Northern Mariana Islands (US) S{aipan}
36%
Sint Eustatius (NL) O{ranjestad}
35%
Guam (US) H{agåtña}
34%
Western Sahara (MOR/SADR) L{aâyoune} or T{ifariti}
33%
Montserrat (UK) P{lymouth} or B{rades}
33%
Turks and Caicos Islands (UK) C{ockburn} Town
30%
Wallis and Futuna (FR) M{ata}-U{tu}
27%
Saba (NL) The B{ottom}
27%
Bonaire (NL) K{ralendijk}
24%
Saint Barthélemy (FR) G{ustavia}
23%
Saint Martin (FR) M{arigot}
23%
Mayotte (FR) M{amoudzou}
22%
No matching quizzes found
Score Distribution
Percent of People with Each Score
Percentile by Number Answered
Your Score History
You have not taken this quiz since the last reset